[Event "Bielefeld- Porz 3"]
[Site "?"]
[Date "2023.04.30"]
[Round "8.2"]
[White "Gruen, Gerd- Peter"]
[Black "Thalwitzer, Dawid"]
[Result "1-0"]
[WhiteElo "2272"]
[BlackElo "2124"]
[PlyCount "97"]
[SourceVersionDate "2023.06.22"]

1. d4 Nf6 2. Nf3 g6 3. g3 Bg7 4. Bg2 O-O 5. O-O d6 6. c4 c6 7. Nc3 Bf5 8. b3
Ne4 9. Bb2 Nxc3 10. Bxc3 Be4 11. Rc1 Na6 12. Bh3 Bxf3 13. exf3 Nc7 14. d5 c5
15. Re1 b5 16. Bxg7 Kxg7 17. Rc3 a5 18. Rce3 Re8 19. Qe2 Kf8 20. f4 a4 21. f5
axb3 22. axb3 bxc4 23. bxc4 Ra4 24. fxg6 hxg6 25. Be6 Nxe6 26. dxe6 f5 27. g4
Qa5 28. gxf5 Ra1 29. Rxa1 Qxa1+ 30. Kg2 Qa8+ 31. Kh3 Kg7 32. Qb2+ Kh6 33. Rg3
Rg8 34. Qd2+ g5 35. Qe3 Qa1 36. Kg4 Qf1 37. Qc3 Qd1+ 38. f3 Qd4+ 39. Qxd4 cxd4
40. f6 exf6 41. Kf5 Kg7 42. f4 Rc8 43. fxg5 Rc5+ 44. Ke4 Rxc4 45. Kd5 Ra4 46.
e7 Ra8 47. Ke6 f5 48. Rd3 d5 49. Rxd4 1-0

[Event "Bielefeld- Porz 3"]
[Site "?"]
[Date "2023.04.30"]
[Round "8.3"]
[White "Slowik, Martin"]
[Black "Simon, Hans- Christian"]
[Result "1/2-1/2"]
[WhiteElo "1936"]
[BlackElo "2169"]
[PlyCount "35"]
[SourceVersionDate "2023.06.22"]

1. e4 e5 2. Nf3 Nf6 3. Nxe5 d6 4. Nf3 Nxe4 5. Nc3 Nxc3 6. dxc3 Be7 7. Be3 Nd7
8. Qd2 Ne5 9. O-O-O Nxf3 10. gxf3 Be6 11. Qd4 Bf6 12. Qe4 c6 13. a3 Qe7 14. Bd3
Bd5 15. Qg4 Be6 16. Qe4 Bd5 17. Qg4 Be6 18. Qe4 1/2-1/2

[Event "Bielefeld- Porz 3"]
[Site "?"]
[Date "2023.04.30"]
[Round "8.4"]
[White "Goeßling, Guido"]
[Black "Thiemonds, Uli"]
[Result "1-0"]
[WhiteElo "2181"]
[BlackElo "2069"]
[PlyCount "113"]
[SourceVersionDate "2023.06.22"]

1. e4 e6 2. d4 d5 3. Nc3 Bb4 4. e5 c5 5. a3 Bxc3+ 6. bxc3 Ne7 7. h4 Qc7 8. h5
cxd4 9. cxd4 Qc3+ 10. Bd2 Qxd4 11. Nf3 Qb6 12. Rb1 Qc7 13. Bd3 Nbc6 14. Qe2 Bd7
15. Kf1 Nf5 16. c3 Na5 17. g4 Ne7 18. Kg2 Nc4 19. Bc1 a6 20. Re1 h6 21. Nd4 g6
22. hxg6 Nxg6 23. f4 O-O-O 24. Rb4 b5 25. a4 Rdg8 26. axb5 a5 27. b6 Nxb6 28.
Nb5 Bxb5 29. Rxb5 Nc4 30. Bxc4 Qxc4 31. Qxc4+ dxc4 32. Re4 Ne7 33. Rxc4+ Kd8
34. Rb8+ Kd7 35. Rb7+ Kd8 36. Rb8+ Kd7 37. Rb7+ Kd8 38. Rd4+ Nd5 39. c4 Kc8 40.
Rxf7 Nb4 41. Kh3 Rd8 42. Rd6 Rxd6 43. exd6 a4 44. c5 Rd8 45. g5 hxg5 46. fxg5
Rg8 47. Kg4 Nd3 48. Rc7+ Kb8 49. c6 Nxc1 50. Rb7+ Ka8 51. d7 Nd3 52. Rb5 Ne5+
53. Rxe5 Kb8 54. Rxe6 Rd8 55. Re8 Kc7 56. Rxd8 Kxd8 57. g6 1-0

[Event "Bielefeld- Porz 3"]
[Site "?"]
[Date "2023.04.30"]
[Round "8.5"]
[White "Paulus, Jeffrey"]
[Black "Danielmeier, Ralf"]
[Result "1-0"]
[WhiteElo "1973"]
[BlackElo "2064"]
[Annotator "daniel"]
[PlyCount "62"]
[SourceVersionDate "2023.06.22"]

1. d4 Nf6 2. c4 g6 3. Nc3 d5 4. cxd5 Nxd5 5. Bd2 Bg7 6. e4 Nb6 7. Be3 O-O 8.
Qd2 Nc6 9. Rd1 f5 10. e5 Nb4 11. Nf3 N4d5 12. Bh6 Be6 13. h4 Nxc3 14. bxc3 Qd5
15. Bxg7 Kxg7 16. h5 Qe4+ 17. Be2 Bc4 18. hxg6 Qxe2+ 19. Qxe2 Bxe2 20. Kxe2
hxg6 21. Ng5 Rh8 22. Ne6+ Kf7 23. Nxc7 Rxh1 24. Rxh1 Rc8 25. Rh7+ Kg8 26. Rxe7
Kf8 27. Rh7 Kg8 28. e6 Kxh7 29. e7 Na4 30. c4 Nc3+ 31. Kd3 Ne4 {ZÜ} 1-0

[Event "Bielefeld- Porz 3"]
[Site "?"]
[Date "2023.04.30"]
[Round "8.6"]
[White "Roemhild, Marcus"]
[Black "Wegener, Marcus"]
[Result "1-0"]
[WhiteElo "2069"]
[BlackElo "1999"]
[PlyCount "91"]
[SourceVersionDate "2023.06.22"]

1. d4 c5 2. d5 Nf6 3. Nc3 g6 4. e4 d6 5. Nf3 Bg7 6. Be2 Na6 7. O-O O-O 8. Bf4
Nd7 9. Qd2 Re8 10. Rfe1 Nc7 11. Rad1 a6 12. a4 b5 13. axb5 axb5 14. Nxb5 Nxb5
15. Bxb5 Ba6 16. Bc6 Rb8 17. b3 Bb5 18. Bxd7 Bxd7 19. h3 f6 20. Bh6 Qb6 21.
Bxg7 Kxg7 22. Ra1 Ra8 23. Qe3 Reb8 24. Nd2 Qb7 25. f4 Rxa1 26. Rxa1 Ra8 27. Re1
Ra2 28. Qc3 Qb4 29. Qxb4 cxb4 30. Rc1 e6 31. dxe6 Bxe6 32. Nf3 d5 33. Nd4 Kf7
34. f5 gxf5 35. exf5 Bd7 36. Re1 Ra8 37. Kf2 Rc8 38. Re3 Rc5 39. Ke2 Bb5+ 40.
Kd2 Bf1 41. Rg3 Rc8 42. Ke1 Ba6 43. Re3 Rg8 44. Kf2 Rc8 45. Re6 Bb7 46. Rb6 1-0

[Event "Bonn- Lasker Köln"]
[Site "?"]
[Date "2023.04.30"]
[Round "8.1"]
[White "Wiekert, Martin"]
[Black "Dehmel, Jens"]
[Result "1-0"]
[WhiteElo "2234"]
[BlackElo "2031"]
[PlyCount "91"]
[SourceVersionDate "2023.06.22"]

1. Nf3 d5 2. e3 Nf6 3. c4 c6 4. d4 Bf5 5. Nc3 e6 6. Nh4 Be4 7. f3 Bg6 8. Qb3
Qc7 9. Bd2 Be7 10. O-O-O Nbd7 11. cxd5 cxd5 12. Nxg6 hxg6 13. Kb1 a6 14. Rc1
Qb8 15. e4 dxe4 16. fxe4 b5 17. e5 b4 18. exf6 bxc3 19. fxg7 Rg8 20. Qxc3 Rxg7
21. Be2 Nb6 22. Qc6+ Kf8 23. Bh6 Bf6 24. Rhd1 Ra7 25. Rc3 Qd8 26. Rb3 Nd5 27.
Qc5+ Re7 28. Bxa6 Kg8 29. Bxg7 Kxg7 30. Rb7 Re8 31. Bb5 Rh8 32. Qa7 Ne7 33. Rd7
Qf8 34. h3 Rh4 35. Bc4 Re4 36. Qb7 Re3 37. a4 Nf5 38. Qb6 Qe8 39. Bb5 Rb3 40.
Rc7 Qd8 41. Qa7 Bxd4 42. Rxf7+ Kg8 43. Rg7+ Nxg7 44. Qxd4 Qg5 45. Qd8+ Qxd8 46.
Rxd8+ 1-0

[Event "Bonn- Lasker Köln"]
[Site "?"]
[Date "2023.04.30"]
[Round "8.2"]
[White "Suppert, Timur"]
[Black "Nagel, Bernhard"]
[Result "1-0"]
[WhiteElo "2101"]
[BlackElo "2180"]
[PlyCount "147"]
[SourceVersionDate "2023.06.22"]

1. d4 d5 2. e3 Nf6 3. Bd3 c5 4. Nd2 Nc6 5. Ngf3 cxd4 6. exd4 Bg4 7. h3 Bh5 8.
c3 e6 9. O-O Bd6 10. Re1 Qc7 11. Nf1 O-O 12. Bg5 Bg6 13. Bxf6 gxf6 14. g4 Kh8
15. Ne3 Rg8 16. Kh1 Bf4 17. Ng2 Rab8 18. Ng1 Bh6 19. Ne2 Ne7 20. f4 Bxd3 21.
Qxd3 f5 22. Qf3 Qd8 23. Ng3 Ng6 24. gxf5 Nh4 25. Nxh4 Qxh4 26. Ne2 exf5 27. Rg1
Rbe8 28. Rxg8+ Rxg8 29. Rg1 Re8 30. Kg2 Qe7 31. Ng3 Rg8 32. Kf1 Qe6 33. Rg2
Qa6+ 34. Qe2 Qxa2 35. Nh5 Qb1+ 36. Kf2 Rxg2+ 37. Kxg2 Qe4+ 38. Qxe4 fxe4 39.
Kg3 Bg7 40. Kg4 b5 41. b4 Kg8 42. Ng3 Bf8 43. Nf5 f6 44. Ne3 Kf7 45. Kf5 Bd6
46. Nxd5 a6 47. Ne3 Bc7 48. Kxe4 a5 49. f5 axb4 50. cxb4 Bd6 51. Nd5 h5 52. Kd3
Bg3 53. Kc3 Be1+ 54. Kc2 Kg7 55. Nc3 Kf7 56. Nd5 Bf2 57. Nc7 Bxd4 58. Nxb5 Be5
59. Kd3 Ke7 60. Kc4 Kd7 61. Kd5 Bb2 62. Nd6 Ba3 63. Ne4 Bxb4 64. Nxf6+ Ke7 65.
Nxh5 Kf7 66. Ke4 Bd2 67. Kf3 Bc1 68. Kg4 Bh6 69. h4 Ke7 70. Nf4 Kf6 71. Nd5+
Ke5 72. Ne7 Bc1 73. Ng8 Bd2 74. h5 1-0

[Event "Bonn- Lasker Köln"]
[Site "?"]
[Date "2023.04.30"]
[Round "8.3"]
[White "Pfeffer, Ruprecht"]
[Black "Horstmann, Olaf"]
[Result "0-1"]
[WhiteElo "2252"]
[BlackElo "2119"]
[Annotator "daniel"]
[PlyCount "70"]
[SourceVersionDate "2023.06.22"]

1. e4 e6 2. d4 d5 3. Nc3 Nc6 4. Nf3 Nf6 5. e5 Ne4 6. Ne2 f6 7. Ng3 fxe5 8. dxe5
Nc5 9. Nh5 Qe7 10. Bd3 Qf7 11. Nf4 Nxd3+ 12. Qxd3 Be7 13. h4 Bd7 14. a3 g6 15.
Bd2 O-O 16. g4 Qg7 17. Qe2 Rf7 18. Rh3 Raf8 19. Nd3 Nd8 20. O-O-O c5 21. Rdh1
h6 22. Nde1 Bc6 23. Rg1 d4 24. Rgg3 Bd5 25. c3 dxc3 26. Bxc3 Nc6 27. h5 g5 28.
Nd3 b5 29. Qe3 b4 30. axb4 cxb4 31. Be1 Rc8 32. Kb1 Bf8 33. Nd2 Qh7 34. Rf3
Bxf3 35. Rxf3 Ne7 {Rest nicht leserlich!} 0-1

[Event "Bonn- Lasker Köln"]
[Site "?"]
[Date "2023.04.30"]
[Round "8.4"]
[White "Wahl, Felix"]
[Black "Pawelzik, Malte"]
[Result "1/2-1/2"]
[WhiteElo "2081"]
[BlackElo "2145"]
[PlyCount "85"]
[SourceVersionDate "2023.06.22"]

1. e4 e6 2. d4 d5 3. Nc3 Bb4 4. exd5 exd5 5. Bd3 Nc6 6. a3 Bxc3+ 7. bxc3 Nge7
8. Qh5 Be6 9. Nf3 Qd7 10. Ng5 O-O-O 11. Nxe6 Qxe6+ 12. Qe2 Nf5 13. Qxe6+ fxe6
14. O-O Kd7 15. Bf4 Rhf8 16. Rfe1 Rde8 17. Be5 g6 18. Rab1 Na5 19. a4 Re7 20.
h3 b6 21. Re2 Nd6 22. g4 Ndc4 23. Bg3 Rc8 24. Kg2 c5 25. f4 Nd6 26. Ba6 Rc7 27.
Bb5+ Nxb5 28. Rxb5 cxd4 29. f5 Rc5 30. Rxc5 bxc5 31. fxe6+ Rxe6 32. Rxe6 Kxe6
33. cxd4 cxd4 34. Kf3 Nc4 35. Ke2 Ne5 36. Bf2 d3+ 37. cxd3 a6 38. Ke3 Nc6 39.
Bg3 h6 40. Bf4 g5 41. Bg3 Kd7 42. Bh2 Ke6 43. Bg3 1/2-1/2

[Event "Bonn- Lasker Köln"]
[Site "?"]
[Date "2023.04.30"]
[Round "8.5"]
[White "Kloss, Henning"]
[Black "Hoefer, Severin"]
[Result "1-0"]
[WhiteElo "2193"]
[BlackElo "1919"]
[PlyCount "121"]
[SourceVersionDate "2023.06.22"]

1. d4 d5 2. Nf3 Nf6 3. Bg5 c6 4. e3 Bg4 5. Bxf6 exf6 6. c4 Bb4+ 7. Nc3 Qa5 8.
Qb3 O-O 9. a3 Bxc3+ 10. Qxc3 Qxc3+ 11. bxc3 Bxf3 12. gxf3 Nd7 13. cxd5 cxd5 14.
a4 Rac8 15. Bh3 Rfd8 16. Kd2 g6 17. Rhb1 Rc7 18. Rb5 Nb6 19. Bf1 Rdd7 20. Rb4
Nc8 21. Bh3 Rd8 22. Bxc8 Rdxc8 23. Ra3 Rd7 24. Rab3 Rcc7 25. Rb5 f5 26. Kd3 Kg7
27. Ra5 b6 28. Rab5 Kf6 29. f4 Ke6 30. a5 bxa5 31. Rxa5 Rc6 32. Rba3 Rdc7 33.
h4 h5 34. Rb5 Kd6 35. Raa5 Rxc3+ 36. Ke2 Rc2+ 37. Kf3 Kc6 38. Rxd5 a6 39. Rac5+
Rxc5 40. Rxc5+ Kb6 41. Rxc7 Kxc7 42. Ke2 Kd6 43. Kd3 Ke7 44. Kc4 f6 45. Kc5 g5
46. fxg5 fxg5 47. hxg5 h4 48. d5 h3 49. d6+ Kf8 50. d7 Ke7 51. g6 h2 52. d8=Q+
Kxd8 53. g7 h1=Q 54. g8=Q+ Ke7 55. Qg7+ Kd8 56. Qf6+ Kc7 57. Qd6+ Kb7 58. Qb6+
Ka8 59. Qxa6+ Kb8 60. Qb6+ Kc8 61. Qc6+ 1-0

[Event "Bonn- Lasker Köln"]
[Site "?"]
[Date "2023.04.30"]
[Round "8.6"]
[White "Nenner, Thomas"]
[Black "Loseries, Uwe"]
[Result "0-1"]
[WhiteElo "2033"]
[BlackElo "2178"]
[PlyCount "100"]
[SourceVersionDate "2023.06.22"]

1. d4 Nf6 2. c4 g6 3. Nc3 Bg7 4. e4 d6 5. f3 O-O 6. Be3 Nc6 7. Nge2 a6 8. Qd2
Rb8 9. Nd5 Bd7 10. Nec3 Ne8 11. Be2 e6 12. Nf4 e5 13. dxe5 dxe5 14. Nd3 Be6 15.
Nc5 Qxd2+ 16. Bxd2 Nd4 17. Nxe6 Nxe6 18. O-O Nd4 19. Rfd1 c6 20. Bf1 Nc7 21.
Ne2 Nce6 22. Nxd4 exd4 23. Bd3 Rfe8 24. b4 b6 25. Rab1 Bf8 26. g3 Bd6 27. f4 f6
28. Kg2 Kg7 29. h4 h6 30. Kf3 c5 31. a3 Nf8 32. a4 Nd7 33. b5 a5 34. Rg1 Bc7
35. Rg2 Re7 36. Rbg1 Rf8 37. Re2 Ref7 38. Kg2 Re8 39. Rf1 Nf8 40. Rfe1 Rfe7 41.
Kf3 Bd6 42. g4 Bc7 43. Rg1 Rf7 44. Reg2 g5 45. e5 fxe5 46. hxg5 e4+ 47. Bxe4
Bxf4 48. g6 Nxg6 49. Bxg6 Kxg6 50. Bxf4 Re3+ 0-1

[Event "Bonn- Lasker Köln"]
[Site "?"]
[Date "2023.04.30"]
[Round "8.7"]
[White "Cramer, Volker"]
[Black "Moos, Gerd"]
[Result "1-0"]
[WhiteElo "2074"]
[BlackElo "1885"]
[PlyCount "71"]
[SourceVersionDate "2023.06.22"]

1. d4 e6 2. Nf3 f5 3. g3 Nf6 4. Bg2 d5 5. O-O Bd6 6. Bf4 Bxf4 7. gxf4 O-O 8. c4
c6 9. Nc3 Ne4 10. Qc2 Bd7 11. b4 Be8 12. Rab1 Nd7 13. e3 Bh5 14. b5 Bxf3 15.
Bxf3 Qh4 16. Bxe4 dxe4 17. f3 Nb6 18. bxc6 bxc6 19. Rb4 exf3 20. Rxf3 Qe1+ 21.
Kg2 Rf6 22. Rg3 Rg6 23. Qd3 Rxg3+ 24. hxg3 Qc1 25. Rb1 Qa3 26. Rb3 Qe7 27. a4
Qc7 28. c5 Nd7 29. Qc4 Kf7 30. e4 g6 31. d5 exd5 32. exd5 Kg7 33. d6 Qc8 34.
Qe6 Kh6 35. Rb1 Nf8 36. Qf6 1-0

[Event "Bonn- Godesberg 2"]
[Site "?"]
[Date "2023.05.07"]
[Round "8.3"]
[White "Mittmann, Johannes"]
[Black "Lorenz, Roger"]
[Result "1/2-1/2"]
[WhiteElo "2095"]
[BlackElo "2161"]
[PlyCount "20"]
[SourceVersionDate "2023.06.22"]

1. e4 e6 2. d4 d5 3. Nd2 c5 4. Ngf3 cxd4 5. Nxd4 Nf6 6. e5 Nfd7 7. N2f3 Nc6 8.
Bb5 Qb6 9. c3 Be7 10. O-O O-O 1/2-1/2

[Event "Bonn- Godesberg 2"]
[Site "?"]
[Date "2023.05.07"]
[Round "8.6"]
[White "Gaul, Alexander"]
[Black "Mueller- Boge, Michael"]
[Result "1/2-1/2"]
[WhiteElo "1932"]
[BlackElo "2025"]
[PlyCount "30"]
[SourceVersionDate "2023.06.22"]

1. d4 Nf6 2. Nf3 g6 3. g3 Bg7 4. Bg2 O-O 5. O-O d5 6. c4 c6 7. b3 c5 8. Na3 Nc6
9. Bb2 Ne4 10. cxd5 Qxd5 11. Nd2 f5 12. Nb5 Rb8 13. Nc3 Qxd4 14. Ndxe4 fxe4 15.
e3 Qxd1 1/2-1/2

[Event "Bonn- Godesberg 2"]
[Site "?"]
[Date "2023.05.07"]
[Round "8.7"]
[White "Biedekoepper, Robert"]
[Black "Koch, Matthias"]
[Result "1/2-1/2"]
[WhiteElo "1969"]
[BlackElo "1920"]
[PlyCount "33"]
[SourceVersionDate "2023.06.22"]

1. d4 Nf6 2. c4 g6 3. f3 Bg7 4. e4 d6 5. Nc3 O-O 6. Bg5 h6 7. Be3 e5 8. Nge2
exd4 9. Nxd4 Nc6 10. Nc2 Ne5 11. Qd2 Kh7 12. Be2 Be6 13. b3 c6 14. O-O Qa5 15.
Rfd1 Rfd8 16. h3 Nh5 17. Nd4 1/2-1/2

[Event "Bonn- Godesberg 2"]
[Site "?"]
[Date "2023.05.07"]
[Round "8.8"]
[White "Goergen, Christian"]
[Black "Otto, Wolfgang"]
[Result "1/2-1/2"]
[WhiteElo "1818"]
[BlackElo "2065"]
[PlyCount "30"]
[SourceVersionDate "2023.06.22"]

1. c4 e6 2. Nf3 d5 3. g3 Be7 4. Bg2 Nd7 5. O-O c6 6. Qc2 Bf6 7. Nc3 Ne7 8. d4
O-O 9. e4 g6 10. cxd5 exd5 11. exd5 Nxd5 12. Nxd5 cxd5 13. Qb3 Nb6 14. Ne5 Re8
15. Bf4 Nc4 1/2-1/2

[Event "Brühl- Solingen 4"]
[Site "?"]
[Date "2023.05.07"]
[Round "8.1"]
[White "Bashylina, Luisa"]
[Black "Loifenfeld, Jakov"]
[Result "1/2-1/2"]
[WhiteElo "2094"]
[BlackElo "2387"]
[PlyCount "81"]
[SourceVersionDate "2023.06.22"]

1. e4 c5 2. Nf3 d6 3. d4 cxd4 4. Qxd4 a6 5. c4 Nc6 6. Qe3 g6 7. Nc3 Bh6 8. Qd3
Bg7 9. Be2 Bg4 10. O-O Rc8 11. b3 Bxf3 12. gxf3 Nf6 13. Be3 O-O 14. Rac1 Nd7
15. Rfd1 Qa5 16. Qd2 Rfd8 17. Nd5 Qxd2 18. Rxd2 Kf8 19. Rcd1 Ke8 20. f4 Bh6 21.
Kg2 e6 22. Nc3 Bf8 23. a3 Na5 24. Rb1 b5 25. Rc2 bxc4 26. b4 Nc6 27. Rcc1 Ncb8
28. Na4 d5 29. exd5 exd5 30. Bf3 Nf6 31. Re1 Be7 32. Bc5 Nc6 33. Nb6 Kf8 34.
Bxe7+ Nxe7 35. Nxc8 Rxc8 36. Red1 Ke8 37. a4 c3 38. Rbc1 Rc4 39. b5 Rxa4 40.
bxa6 Rxa6 41. Rxc3 1/2-1/2

[Event "Brühl- Solingen 4"]
[Site "?"]
[Date "2023.05.07"]
[Round "8.2"]
[White "Keller, Thomas"]
[Black "Blasek, Ralph"]
[Result "1-0"]
[WhiteElo "2234"]
[BlackElo "2191"]
[PlyCount "50"]
[SourceVersionDate "2023.06.22"]

1. e4 c5 2. Nf3 e6 3. c3 d5 4. exd5 exd5 5. d4 Nf6 6. Bg5 Nc6 7. Bb5 Qb6 8.
Qe2+ Be6 9. O-O Be7 10. dxc5 Qxc5 11. Nd4 Bg4 12. f3 Bd7 13. Bxf6 gxf6 14. Re1
Kd8 15. Bxc6 bxc6 16. b4 Qd6 17. Nd2 Re8 18. N2b3 Qc7 19. Qd3 h6 20. Qh7 a5 21.
Qxf7 axb4 22. cxb4 Qb6 23. a3 Ra7 24. Kh1 Rc7 25. Nc5 Bc8 1-0

[Event "Brühl- Solingen 4"]
[Site "?"]
[Date "2023.05.07"]
[Round "8.3"]
[White "Bashylin, Roman"]
[Black "Gramb, Marius"]
[Result "1-0"]
[WhiteElo "2281"]
[BlackElo "2225"]
[PlyCount "79"]
[SourceVersionDate "2023.06.22"]

1. d4 Nf6 2. Nf3 e6 3. Bg5 c5 4. e3 cxd4 5. exd4 b6 6. Bd3 Bb7 7. Bxf6 Qxf6 8.
Nbd2 Qd8 9. Qe2 Be7 10. h4 d6 11. g4 h6 12. O-O-O Nd7 13. g5 Rc8 14. g6 Bf6 15.
gxf7+ Kxf7 16. Ne4 Qe7 17. Rhg1 Rhd8 18. Kb1 Bxe4 19. Qxe4 Nf8 20. Qg4 Qc7 21.
Rde1 b5 22. Ng5+ hxg5 23. hxg5 Bxd4 24. Qxd4 Qe7 25. Qf4+ Kg8 26. Rh1 Rc5 27.
g6 Nxg6 28. Bxg6 Qf6 29. Qxf6 gxf6 30. Rxe6 Re5 31. Rxe5 dxe5 32. Kc1 Rd4 33.
Bd3 a6 34. f3 Rf4 35. Rh3 Kf7 36. Kd2 Ra4 37. a3 b4 38. Rh4 Ke6 39. Rxb4 Ra5
40. Rb6+ 1-0

[Event "Brühl- Solingen 4"]
[Site "?"]
[Date "2023.05.07"]
[Round "8.4"]
[White "Schaefer, Juergen"]
[Black "Fichtner, Ewald"]
[Result "0-1"]
[WhiteElo "2147"]
[BlackElo "2044"]
[PlyCount "36"]
[SourceVersionDate "2023.06.22"]

1. e4 c6 2. Nc3 d5 3. Qf3 dxe4 4. Nxe4 Nf6 5. Bc4 Nbd7 6. d4 Nb6 7. Nxf6+ exf6
8. Qb3 Nxc4 9. Qxc4 Be6 10. Qd3 Qd5 11. Nf3 O-O-O 12. O-O g5 13. Be3 h5 14. b3
Bf5 15. Qd2 h4 16. c4 Qe4 17. Rfe1 h3 18. Qe2 g4 0-1

[Event "Brühl- Solingen 4"]
[Site "?"]
[Date "2023.05.07"]
[Round "8.5"]
[White "Goerke, Joachim"]
[Black "Engel, Johann"]
[Result "0-1"]
[WhiteElo "2106"]
[BlackElo "2133"]
[PlyCount "112"]
[SourceVersionDate "2023.06.22"]

1. e4 c6 2. d4 d5 3. Nc3 dxe4 4. Nxe4 Nd7 5. Nf3 Ngf6 6. Ng3 g6 7. Bc4 Bg7 8.
O-O O-O 9. Re1 b6 10. Qe2 e6 11. Bg5 h6 12. Bf4 Qe7 13. Rad1 Bb7 14. h4 h5 15.
Ng5 Nd5 16. Bc1 N7f6 17. a3 Rfd8 18. Ba6 Bxa6 19. Qxa6 Qc7 20. Qd3 Ng4 21. Nxe6
fxe6 22. Qxg6 Rf8 23. Qxe6+ Kh8 24. Re2 Nxf2 25. Rxf2 Rxf2 26. Kxf2 Rf8+ 27.
Nf5 Qf7 28. Qxf7 Rxf7 29. g4 hxg4 30. Kg3 Rxf5 31. Kxg4 Rf2 32. Kg3 Rxc2 33. h5
Bxd4 34. Rxd4 Rxc1 35. Re4 Rc2 36. Re8+ Kg7 37. Ra8 a5 38. Rc8 Nf6 39. b4 Nxh5+
40. Kh4 Nf6 41. bxa5 bxa5 42. Ra8 Rc5 43. a4 Nd5 44. Ra7+ Kf6 45. Rh7 Ke5 46.
Kg5 Nb6 47. Rh4 Rc4 48. Rh5 Nd5 49. Rh6 Kd4 50. Kf5 Kc5 51. Ke6 Kb4 52. Rh1
Kxa4 53. Rb1 Nb4 54. Rh1 Rd4 55. Ke5 c5 56. Rc1 Nd3+ 0-1

[Event "Brühl- Solingen 4"]
[Site "?"]
[Date "2023.05.07"]
[Round "8.6"]
[White "Berkle, Pascal"]
[Black "Waagener, Ulrich"]
[Result "0-1"]
[WhiteElo "1987"]
[BlackElo "2116"]
[PlyCount "22"]
[SourceVersionDate "2023.06.22"]

1. e4 Nf6 2. e5 Nd5 3. Bc4 e6 4. Qf3 Nb6 5. Bb3 Nc6 6. Qg3 d6 7. f4 dxe5 8.
fxe5 Nd4 9. Nf3 g6 10. d3 Bg7 11. O-O Ne2+ 0-1

[Event "Brühl- Solingen 4"]
[Site "?"]
[Date "2023.05.07"]
[Round "8.8"]
[White "Haskelman, Evgen"]
[Black "Kovalyov, Dima"]
[Result "1-0"]
[WhiteElo "2136"]
[BlackElo "1589"]
[PlyCount "135"]
[SourceVersionDate "2023.06.22"]

1. e4 c6 2. d4 d5 3. exd5 cxd5 4. c4 e6 5. Nc3 Nf6 6. Nf3 Nc6 7. c5 Be7 8. Bb5
Bd7 9. O-O O-O 10. Bf4 Nh5 11. Be3 Nf6 12. h3 a6 13. Bxc6 Bxc6 14. Ne5 Rc8 15.
b4 Nd7 16. Nxc6 Rxc6 17. a4 Bf6 18. b5 axb5 19. axb5 Rc8 20. Qb3 e5 21. Rfd1
exd4 22. Bxd4 Nxc5 23. Qxd5 Bxd4 24. Rxd4 Qxd5 25. Nxd5 Rfe8 26. Rc4 Nb3 27.
Rxc8 Rxc8 28. Ra7 Rb8 29. Ra3 Rd8 30. b6 h6 31. Nf6+ gxf6 32. Rxb3 Rd6 33. Kh2
f5 34. Kg3 Kg7 35. Kf4 Kf6 36. Rb4 Rc6 37. Ke3 Ke5 38. Rb5+ Ke6 39. Kd4 f6 40.
Rb2 Kd6 41. Rb5 Ke6 42. Ke3 Rd6 43. Kf4 Rd4+ 44. Kg3 Rd6 45. Kh4 Rd2 46. Kg3
Rd6 47. f3 Rd4 48. f4 Rc4 49. Rb2 Kd5 50. Kh4 Rxf4+ 51. Kh5 Ke6 52. Kxh6 Re4
53. Kh5 Re5 54. Kg6 f4 55. h4 Re3 56. h5 Rg3+ 57. Kh7 f3 58. gxf3 Rxf3 59. h6
Rh3 60. Rc2 Rb3 61. Rc7 Rxb6 62. Kg8 Rb5 63. h7 Rg5+ 64. Rg7 Rh5 65. Rxb7 f5
66. h8=Q Rxh8+ 67. Kxh8 f4 68. Rb5 1-0

[Event "Bergische SF- Bergneustadt"]
[Site "?"]
[Date "2023.05.07"]
[Round "8.1"]
[White "Stuemer, Paul"]
[Black "Harringer, Manfred"]
[Result "1-0"]
[WhiteElo "2017"]
[BlackElo "2015"]
[PlyCount "43"]
[SourceVersionDate "2023.06.22"]

1. Nf3 d5 2. e3 Nf6 3. c4 e6 4. d4 c5 5. Nc3 Nc6 6. a3 b6 7. cxd5 Nxd5 8. Bb5
Qd6 9. Ne5 Nxc3 10. bxc3 Bd7 11. Qf3 Nxe5 12. Qxa8+ Ke7 13. dxe5 Qxe5 14. Qxa7
Qxc3+ 15. Ke2 Qxa1 16. Qxd7+ Kf6 17. Rd1 Qe5 18. Qd8+ Kg6 19. f4 Qh5+ 20. Ke1
c4 21. Qg5+ Qxg5 22. fxg5 1-0

[Event "Bergische SF- Bergneustadt"]
[Site "?"]
[Date "2023.05.07"]
[Round "8.2"]
[White "Bosbach, Stefan"]
[Black "Michalik, Friedhelm"]
[Result "1-0"]
[WhiteElo "2097"]
[BlackElo "2096"]
[PlyCount "89"]
[SourceVersionDate "2023.06.22"]

1. e4 c5 2. Nc3 Nc6 3. g3 g6 4. Bg2 Bg7 5. d3 Nf6 6. Be3 d6 7. h3 e5 8. Qd2 Nd4
9. Nd1 h6 10. c3 Ne6 11. f4 Bd7 12. Ne2 Bc6 13. Nf2 Qd7 14. O-O O-O-O 15. Rab1
Nh5 16. f5 gxf5 17. exf5 Ng5 18. Bxg5 hxg5 19. Ne4 f6 20. b4 b6 21. Qb2 Qc7 22.
c4 cxb4 23. Qxb4 Bxe4 24. Bxe4 Qc5+ 25. Qxc5+ dxc5 26. Kg2 Bf8 27. Nc3 Be7 28.
a4 Rd7 29. Rb5 Bd8 30. Nd5 Rd6 31. Rfb1 Rh7 32. a5 Rb7 33. Nc3 Rb8 34. R5b3 Be7
35. Nb5 Rd7 36. Bc6 Rc7 37. Nxc7 Kxc7 38. Be4 Ng7 39. axb6+ axb6 40. Ra1 Ne8
41. Ra7+ Kd6 42. Rb7 Rxb7 43. Bxb7 Bd8 44. Be4 Kd7 45. Kf3 1-0

[Event "Bergische SF- Bergneustadt"]
[Site "?"]
[Date "2023.05.07"]
[Round "8.3"]
[White "Wang, Andre"]
[Black "Gelsok, Philipp"]
[Result "1/2-1/2"]
[WhiteElo "1982"]
[BlackElo "1933"]
[Annotator "daniel"]
[PlyCount "88"]
[SourceVersionDate "2023.06.22"]

1. d4 Nf6 2. Nf3 c5 3. c3 e6 4. Nbd2 d5 5. g3 Nc6 6. Bg2 Qb6 7. O-O cxd4 8.
cxd4 Nxd4 9. Qa4+ Nc6 10. Ne5 Qa5 11. Qxa5 Nxa5 12. a3 Bd6 13. Nd3 Bd7 14. b4
Nc6 15. Bb2 O-O 16. Rac1 Ne7 17. Nc5 Bxc5 18. Rxc5 Rac8 19. Rfc1 Rxc5 20. Rxc5
Rc8 21. Rxc8+ Bxc8 22. e4 Nxe4 23. Nxe4 dxe4 24. Bxe4 b6 25. b5 Nd5 26. Be5 f6
27. Bb8 Nc3 28. Bc6 a6 29. Bc7 Nxb5 30. Bxb5 axb5 31. Bxb6 $11 g5 32. f3 Kf7
33. Kf2 h5 34. Ke3 e5 35. h4 Ke6 36. Bd8 Kf5 37. Bc7 Bb7 38. Bd8 Bc6 39. Be7
gxh4 40. gxh4 Ke6 41. Bd8 f5 42. f4 Bg2 43. Bc7 exf4+ 44. Kxf4 Bf1 1/2-1/2

[Event "Bergische SF- Bergneustadt"]
[Site "?"]
[Date "2023.05.07"]
[Round "8.5"]
[White "Eilers, Jochen"]
[Black "Kiparski, Ekkehart"]
[Result "1/2-1/2"]
[WhiteElo "1925"]
[BlackElo "1973"]
[PlyCount "49"]
[SourceVersionDate "2023.06.22"]

1. e4 c5 2. c3 g6 3. d4 cxd4 4. cxd4 d5 5. e5 Bg7 6. Nc3 Nh6 7. Qb3 O-O 8. Qxd5
Nc6 9. Be3 Qxd5 10. Nxd5 Rd8 11. Nc7 Rb8 12. Rd1 Bf5 13. Nb5 a6 14. Nc3 b5 15.
Be2 b4 16. Nb1 Bxb1 17. Rxb1 Nxd4 18. Bxd4 Rxd4 19. Nf3 Rd5 20. Bxa6 Bxe5 21.
O-O Bf6 22. Bc4 Rc5 23. Bb3 Nf5 24. Rfd1 Rb6 25. Kf1 1/2-1/2

[Event "Bergische SF- Bergneustadt"]
[Site "?"]
[Date "2023.05.07"]
[Round "8.6"]
[White "Gutt, Oswald"]
[Black "Blab, Ludwig"]
[Result "1/2-1/2"]
[WhiteElo "1887"]
[BlackElo "2030"]
[PlyCount "111"]
[SourceVersionDate "2023.06.22"]

1. d4 e6 2. c4 d5 3. Nc3 Nf6 4. Bg5 Be7 5. e3 O-O 6. Nf3 Nbd7 7. Rc1 c6 8. Qc2
Re8 9. a3 dxc4 10. Bxc4 b5 11. Ba2 Bb7 12. O-O a5 13. Bb1 Rc8 14. Ne5 g6 15.
Rfd1 b4 16. Nxd7 Nxd7 17. Bxe7 Qxe7 18. axb4 axb4 19. Na4 e5 20. Nc5 Nxc5 21.
dxc5 Ba6 22. Qa4 Qb7 23. Rd6 Rc7 24. Qd1 Qb8 25. Be4 Bb7 26. Qf3 f5 27. Bd3
Rce7 28. Bc4+ Kh8 29. h4 Rf8 30. h5 gxh5 31. Qxh5 Rg7 32. Rcd1 Qc7 33. Qh6 Bc8
34. Rxc6 Qe7 35. Rcd6 f4 36. e4 Bg4 37. R1d2 Qg5 38. Qxg5 Rxg5 39. Rd8 Kg7 40.
Rxf8 Kxf8 41. c6 Rg7 42. Kf1 Rc7 43. Bb5 Ke7 44. Rd5 Ke6 45. f3 Bh5 46. Rd8 Ke7
47. Rd5 Ke6 48. Rc5 Bf7 49. Rc1 Kd6 50. Rd1+ Ke7 51. Rd7+ Rxd7 52. cxd7 Be6 53.
Ke2 h5 54. Kd3 Kd8 55. Ke2 Kc7 56. Kd3 1/2-1/2